| RUSMARC |
| 000 | | | 07443cbm0a2200361#x 450 | | 001 | | | d8341b33-56bb-4a2a-b7ef-631de3db3475 | | 005 | | | 20251117131514.0 | | 100 | ## | $a | 20251117j19440711k###0rusy50 ca | | 101 | 0# | $a | rus | | 102 | ## | $a | RU | | 105 | ## | $a | y###z######## | | 122 | 0# | $a | d19440711## | | 200 | 1# | $a | Постановление ГКО СССР № 6155 сс о плане производства боеприпасов в 3 квартале 1944 г., с приложением ведомостей боеприпасов, рядового проката, литейного чугуна, кокса и ферросилиция доменного, текстиля, спецодежды, обуви и прочих материалов, металлов, топлива, нефтепродуктов, химикатов, оборудования, материалов и инструмента, стального и чугунного литья, рабочей силы, предприятий, рабочих, ИТР и служащих, распределения сверл, номенклатуры инструмента, планов производства и поставки снаряжения и боеприпасов, поковки, литья и штамповки, крепителей и серебристого графита, метизов и металлов, бумажной продукции, химикатов и других материалов, формовочных песков, инструмента и изделий, сборки и сдачи корпусов снарядов, перевозки корпусов снарядов, мин, авиабомб и элементов к ним, спецукупорки и материалов, списков заводов и предприятий, изготовляющих, производящих и поставляющих важнейшие виды боеприпасов и материалы для них, спецукупорку и горючее, перечней мероприятий по материально-техническому обеспечению производства боеприпасов, дымовых снарядов и мин, упорядочению производства реактивных снарядов М-13, докладных записок Берии Л. П., Вознесенского Н. А., Хруничева М., Яковлева Н. Д., Селезнева Н. П., Галлера Л. М., Ворожейкина Г. А. и Паршина П. И. Сталину И. В., Александрова А. и Борисова Н. Поскребышеву А. Н. | | | $j | 11 июля 1944 г. | | 251 | ## | $c | Документ | | 300 | ## | $a | Рассылочный и подлинный экземпляры | | 461 | #0 | $1 | 2001 | | | $a | Ф. 644 | | | $1 | 251 | | | $c | Фонд | | | $1 | 852 | | | $j | 644 | | 462 | #0 | $1 | 2001 | | | $a | Оп. 1 | | | $1 | 251 | | | $c | Опись | | | $1 | 852 | | | $j | 1 | | 601 | 01 | $2 | nlr_sh | | | $3 | RU\NLR\AUTH\6601614128 | | | $a | СССР | | | $b | Государственный Комитет Обороны | | | $x | История | | | $z | 1941 - 1945 | | | $j | Документы и материалы | | 601 | 01 | $2 | nlr_sh | | | $3 | RU\NLR\AUTH\6601746794 | | | $a | Рабоче-Крестьянская Красная армия | | | $c | 1918 - 1946 | | | $x | Материально-техническое снабжение | | | $z | 1941 - 1945 | | | $j | Документы и материалы | | 605 | ## | $2 | prlib_sh | | | $3 | LIBNET\UAF\0000088514 | | | $a | Вторая мировая война в архивных документах (Комплекс оцифрованных архивных документов, кино- и фотоматериалов) | | | $l | коллекция | | 605 | ## | $2 | acquisition_Prlib | | | $3 | DITM\AF\0000002775 | | | $a | Власть | | | $l | коллекция | | 606 | 1# | $2 | prlib_sh | | | $3 | LIBNET\UAF\0000111015 | | | $a | Военная промышленность | | | $x | История | | | $y | СССР | | | $z | 1941 - 1945 | | | $j | Документы и материалы | | 606 | 1# | $2 | nlr_sh | | | $3 | RU\NLR\AUTH\661280795 | | | $a | Великая Отечественная война | | | $z | 1941 - 1945 | | | $x | Тыл(воен.) | | | $j | Документы и материалы | | 606 | 1# | $2 | nlr_sh | | | $3 | RU\NLR\AUTH\6601600498 | | | $a | Вооружение | | | $x | История | | | $y | СССР | | | $z | 1941 - 1945 | | | $j | Документы и материалы | | 606 | 1# | $2 | nlr_sh | | | $3 | RU\NLR\AUTH\661336618 | | | $a | Боеприпасы | | | $x | Производство | | | $x | История | | | $y | СССР | | | $j | Документы и материалы | | 686 | ## | $a | 63.3(2)622-2ю1 | | | $2 | rubbk | | | $v | LBC/M | | 686 | ## | $a | 65.03(2)622ю1 | | | $2 | rubbk | | | $v | LBC/M | | 686 | ## | $a | 65.304.04ю1 | | | $2 | rubbk | | | $v | LBC/M | | 801 | #0 | $a | RU | | | $b | ПБ им. Б.Н. Ельцина | | | $c | 20251117 | | 801 | #1 | $a | RU | | | $b | ПБ им. Б.Н. Ельцина | | | $c | 20251117 | | | $2 | rusmarc | | 801 | #2 | $a | RU | | | $b | ПБ им. Б.Н. Ельцина | | | $c | 20251117 | | | $2 | rusmarc | | 850 | ## | $a | Российский государственный архив социально-политической истории | | 852 | ## | $a | РГАСПИ | | | $j | Д. 272. Л. 1-262. Д. 273. Л. 263-474а, 475-483; Оп. 2. Д. 351. Л. 1-219об. Д. 352. Л. 220-450об. | | 035 | ## | $a | LIBNET\0001512841 | | 937 | ## | $d | 198556093 | | | $h | Федеральное архивное агентство | | 856 | 4# | $u | http://readingroom.main.prlib.ru/item.aspx?id_node=n198556093&mode=full |
|